000
00297nam a22001337a 4500
008
170204b xxu||||| |||| 00| 0 eng d
020
_a
9781455706228
041
_a
eng
080
_a
61
100
_a
3
101
_a
SHM
245
_a
2012 STEP BY STEP MEDICAL CODING
_c
BUCK, C.J
942
_2
udc
_c
BK
999
_c
4634
_d
4634